000 00534nam a2200217Ia 4500
003 OSt
005 20221005122413.0
006 a|||||r|||| 00| 0
007 ta
008 221004b |||||||| |||| 00| 0 guj d
024 _a54243
037 _cTextual
040 _aCRL
_cCRL
_bguj
041 _2guj
_aguj
082 _aO156,3N12,1, 32L3
245 0 _aJeevitha Yathartthyangal
260 _c1947
650 _aGUJRATI LITERATURE
942 _hO156,3N12,1, 32L3
_cTEXL
_2cc
999 _c1044179
_d1044179